El Pirineu / (Record no. 135524)

MARC details
000 -LEADER
campo de control de longitud fija 00656nam a2200205 i 4500
001 - NÚMERO DE CONTROL
campo de control 135524
003 - IDENTIFICADOR DE NÚMERO DE CONTROL
campo de control ES-MaACL
005 - FECHA Y HORA DE LA ÚLTIMA TRANSACCIÓN
campo de control 20230906194911.0
007 - CAMPO FIJO DE DESCRIPCIÓN FÍSICA--INFORMACIÓN GENERAL
campo de control de longitud fija t|
008 - DATOS DE LONGITUD FIJA--INFORMACIÓN GENERAL
campo de control de longitud fija 070719s1971 sp ||||1| cat d
080 ## - NÚMERO DE LA CLASIFICACIÓN DECIMAL UNIVERSAL
Número de la Clasificación Decimal Universal 914.6+914.4:(234.1)(084)
100 1# - ENTRADA PRINCIPAL--NOMBRE DE PERSONA
Nombre de persona Torres, Estanislau.
9 (RLIN) 110888
245 13 - MENCIÓN DEL TÍTULO
Título El Pirineu /
Mención de responsabilidad, etc. Test d'Estanislau Torres; fotografias de Francesc Catalá Roca.
250 ## - MENCION DE EDICION
Mención de edición [1ª ed.].
260 ## - PUBLICACIÓN, DISTRIBUCIÓN, ETC.
Lugar de publicación, distribución, etc. Barcelona :
Nombre del editor, distribuidor, etc. Destino,
Fecha de publicación, distribución, etc. [1971]
300 ## - DESCRIPCIÓN FÍSICA
Extensión 397 p., 1 h. con 45 lám., 8 map. :
Otras características físicas il. ;
Dimensiones 26 cm.
651 #4 - PUNTO DE ACCESO ADICIONAL DE MATERIA--NOMBRE GEOGRÁFICO
Nombre geográfico Pirineos-
Subdivisión general Descripción.
9 (RLIN) 9233
700 1# - ENTRADA AGREGADA--NOMBRE PERSONAL
Nombre de persona Català-Roca, Francesc.
9 (RLIN) 37014
852 ## - LOCALIZACIÓN
Ubicación ES-MaACL
Número de control de estantería C-37282
Sublocalización o colección R.75844
Holdings
Estatus retirado Estado de pérdida Estado de daño No para préstamo Biblioteca de origen Biblioteca actual Ubicación en estantería Fecha de adquisición Fuente de adquisición Total de préstamos Signatura topográfica completa Código de barras Visto por última vez Precio de reemplazo Tipo de ítem Koha
        Biblioteca del Ateneo de Madrid Biblioteca del Ateneo de Madrid Depósito 2 17/01/2008     C-37282 1141051 23/02/2023 23/02/2023 Libro impreso